Statistics for 写出所有的世界文学之都 City of Literature Test

Click here to take the quiz!

General Stats

  • This quiz has been taken 35 times
  • The average score is 9 of 39

Answer Stats

国家提示城市% Correct
爱尔兰都柏林
70%
冰岛雷克雅未克
70%
伊拉克巴格达
64%
意大利米兰
58%
西班牙巴塞罗那
58%
捷克布拉格
58%
澳大利亚墨尔本
52%
英国爱丁堡
48%
黎巴嫩贝鲁特
48%
英国曼彻斯特
45%
波兰克拉科夫
36%
中国南京
33%
乌克兰敖德萨
33%
乌克兰利沃夫
33%
斯洛文尼亚卢布尔雅那
33%
巴基斯坦拉合尔
27%
乌拉圭蒙得维的亚
21%
加拿大魁北克
21%
南非德班
21%
美国西雅图
21%
俄罗斯列宁出生地乌里扬诺夫斯克
15%
波兰二战前的德国重镇弗罗茨瓦夫
15%
西班牙格拉纳达
12%
英国诺福克郡诺里奇
12%
荷兰第四大城市乌德勒支
9%
英国东米德兰诺丁汉
9%
挪威冬奥会举办地利勒哈默尔
6%
英国德文郡埃克塞特
6%
爱沙尼亚第二大城市塔尔图
3%
新西兰南岛但尼丁
3%
美国艾奥瓦州艾奥瓦城
3%
德国巴登-符腾堡州海德堡
3%
葡萄牙莱里亚区奥比杜什
0%
韩国京畿道富川
0%
伊拉克库尔德斯坦苏莱曼尼亚
0%
荷兰弗里斯兰省吕伐登
0%
法国国际漫画节昂古莱姆
0%
芬兰凯努区库赫莫
0%
韩国江原道原州
0%

Score Distribution

Percentile by Number Answered

Percent of People with Each Score

Your Score History

You have not taken this quiz